| 000 | 01304nam a2200277Ia 4500 | ||
|---|---|---|---|
| 003 | OSt | ||
| 005 | 20250814110119.0 | ||
| 008 | 220909b |||||||| |||| 00| 0 eng d | ||
| 020 | _a9788126545049 | ||
| 037 | _cTextual | ||
| 040 |
_aCSL _beng _cCSL |
||
| 041 | _aeng | ||
| 084 |
_aB43 P2;1 _qCSL |
||
| 100 |
_aLax, Peter D _eauthor |
||
| 245 | 0 | _aFunctional analysis | |
| 260 |
_aNew Delhi _b Wiley _c2012 |
||
| 300 |
_axix, 580p. _b: ill. |
||
| 500 | _aAuthor index 573-576p.; Subject index 577-580p.; Reprint 2014 | ||
| 520 | _aIt is meant as a text, with short chapters in accordance with the author's belief that it is easier to digest this material in small chunks. The first 25 chapters make only modest technical demand on the reader and would serve well as a text for an introductory graduate course on functional analysis. The rest of the book is well suited for a more advanced graduate course on functional analysis in general, or in Hilbert space in particular. | ||
| 650 |
_a Hilbert space _9817941 |
||
| 650 |
_a Invariant subspaces _9817942 |
||
| 650 |
_a Weak convergence _9817943 |
||
| 650 | _aScattering theory | ||
| 942 |
_hB43 P2;1 _cTEXL _2CC _n0 |
||
| 999 |
_c12756 _d12756 |
||